Reflexology : how to relieve stress and reduce pain through reflexology techniques (Record no. 3701)

MARC details
000 -LEADER
fixed length control field 00720nam a22001937a 4500
003 - CONTROL NUMBER IDENTIFIER
control field URS
005 - DATE AND TIME OF LATEST TRANSACTION
control field 20220114142612.0
008 - FIXED-LENGTH DATA ELEMENTS--GENERAL INFORMATION
fixed length control field 190703s2015 a b 001 0 eng
040 ## - CATALOGING SOURCE
Transcribing agency URS
Modifying agency rda
Language of cataloging eng
050 00 - LIBRARY OF CONGRESS CALL NUMBER
Classification number RM 894
Item number .S687 2015
100 ## - MAIN ENTRY--PERSONAL NAME
Personal name Solis, Jen
245 10 - TITLE STATEMENT
Title Reflexology : how to relieve stress and reduce pain through reflexology techniques
Remainder of title how to relieve stress and reduce pain through reflexology techniques/
Statement of responsibility, etc. Jen Solis
260 ## - PUBLICATION, DISTRIBUTION, ETC.
Date of publication, distribution, etc. [2015]
300 ## - PHYSICAL DESCRIPTION
Extent 34 pages
Other physical details with illustrations
Dimensions 18 cm.
440 #4 - SERIES STATEMENT/ADDED ENTRY--TITLE
Title The essential healing arts series
524 ## - PREFERRED CITATION OF DESCRIBED MATERIALS NOTE
Preferred citation of described materials note J. Solis (2015) Reflexology: how to relieve stress and reduce pain through reflexology techniques.
650 #0 - SUBJECT ADDED ENTRY--TOPICAL TERM
Topical term or geographic name entry element Reflexotherapy.
942 ## - ADDED ENTRY ELEMENTS (KOHA)
Source of classification or shelving scheme Library of Congress Classification
Koha item type Reserved Books
Holdings
Withdrawn status Source of classification or shelving scheme Damaged status Not for loan Collection code Home library Current library Shelving location Date acquired Total Checkouts Full call number Barcode Date last seen Price effective from Koha item type
  Library of Congress Classification     Non-fiction Cainta College Library Cainta College Library On Display 07/03/2019   RM 894.S687 2015 URSCAI-5177 11/04/2016 11/04/2016 Reserved Books

University of Rizal System
Email us at univlibservices@urs.edu.ph

Visit our Website www.urs.edu.ph/library